000 00593nam a2200241Ia 4500
003 OSt
005 20221006151415.0
006 a|||||r|||| 00| 0
007 ta
008 221006b |||||||| |||| 00| 0 eng d
020 _cP1.80
024 _a21,974
037 _cTextual
040 _aEASL
_cEASL
_beng
041 _2eng
_aeng
082 _aW.42.N67, L1
100 _aLICHTHEIM George
245 0 _aImperialism
260 _an
_bPenguin Press
_c1971
300 _a185p.
_ccm.
942 _hW.42.N67, L1
_cTEXL
_2CC
999 _c1090060
_d1090060